00193nam a2200085Ia 4500008004100000100001900041245001800060260000900078650002000087190216s9999||||xx |||||||||||||| ||und|| aKrishna Warier 0aPariprekshyam bNull aEssay Malayalam